Liczba ludności państw świata #5 - Statystyki

Ogólne statystyki
  • Ten quiz został rozwiązany 64 razy
  • Średni wynik to 9 z 15
Statystyki odpowiedzi
Zagadnienie Odpowiedź % Poprawnych
Które państwo ma większą liczbę ludności? Brazylia
95%
Które państwo ma większą liczbę ludności? Macedonia Północna
85%
Które państwo ma większą liczbę ludności? Oman
85%
Które państwo ma większą liczbę ludności? Rumunia
80%
Które państwo ma większą liczbę ludności? Singapur
80%
Które państwo ma większą liczbę ludności? Republika Zielonego Przylądka
65%
Które państwo ma większą liczbę ludności? Argentyna
60%
Które państwo ma większą liczbę ludności? Cypr
60%
Które państwo ma większą liczbę ludności? Słowenia
60%
Które państwo ma większą liczbę ludności? Malta
55%
Które państwo ma większą liczbę ludności? Szwajcaria
55%
Które państwo ma większą liczbę ludności? Irlandia
50%
Które państwo ma większą liczbę ludności? Haiti
40%
Które państwo ma większą liczbę ludności? Timor Wschodni
40%
Które państwo ma większą liczbę ludności? Sri Lanka
30%
Nie znaleziono quizów pasujących do podanych kryteriów
Rozkład punktacji
Procent ludzi z każdym wynikiem
Percentyl według liczby udzielonych odpowiedzi
Twoja historia wyników
Nie rozwiązałeś tego quizu